Państwa graniczące z mistrzami świata FIFA - Statystyki

Ogólne statystyki
  • Ten quiz został rozwiązany 55 razy
  • Średni wynik to 25 z 31
Statystyki odpowiedzi
# Reprezentacja % Poprawnych
Brazylia 1 Polska
100%
Argentina, Uruguay, Francja (Gujana Francuska nie jest członkiem FIFA, więc liczy się jako część Francji) 3 Brazylia
98%
Francja, Niemcy 2 Belgia
96%
Brazylia, Uruguay 2 Argentyna
93%
Niemcy, Francja (Sint Maarten i Saint Martin nie są członkami FIFA, więc liczą się jako część Holandii i Francji) 2 Holandia
93%
Niemcy, Francja, Włochy 3 Szwajcaria
93%
Niemcy, Hiszpania, Włochy, Brazylia (Gujana Francuska nie jest członkiem FIFA, więc liczy się jako część Francji) 4 Francja
91%
Brazylia 1 Peru
91%
Niemcy 1 Portugalia
91%
Włochy, Niemcy 2 Austria
89%
Niemcy 1 Dania
89%
Francja 1 Niemcy
89%
Argentina, Brazylia 2 Urugwaj
89%
Francja 1 Włochy
89%
Argentyna 1 Chile
87%
Niemcy 1 Czechy
84%
Francja (Gibraltar jest członkiem FIFA, więc Anglia się nie liczy) 1 Hiszpania
84%
Francja, Niemcy 2 Luksemburg
84%
Brazylia 1 Kolumbia
82%
Argentina, Brazylia 2 Paragwaj
82%
Włochy 1 San Marino
82%
Hiszpania, Francja 2 Andora
78%
Argentina, Brazylia 2 Boliwia
78%
Brazylia 1 Wenezuela
78%
Brazylia, Francja (Gujana Francuska nie jest członkiem FIFA, więc liczy się jako część Francji) 2 Surinam
76%
Włochy 1 Słowenia
71%
Brazylia 1 Gujana
69%
Anglia 1 Szkocja
67%
Anglia 1 Walia
67%
Hiszpania 1 Maroko
56%
Hiszpania (Gibraltar liczy się jako osobny kraj, ponieważ jego reprezentacja jest członkiem FIFA, w przeciwieństwie do Monako i Watykanu) 1 Gibraltar
20%
Nie znaleziono quizów pasujących do podanych kryteriów
Rozkład punktacji
Procent ludzi z każdym wynikiem
Percentyl według liczby udzielonych odpowiedzi
Twoja historia wyników
Nie rozwiązałeś tego quizu